000 01081nam a2200205Ia 4500
999 _c51080
_d51080
001 18037
003 GE_BSU
005 20241101155941.0
008 181216s1980||||ge |||||||||||||| ||geo||
020 _a0134-9899
040 _cGE_BSU
041 _ageo
080 _a811.353(058) ი-31
245 _a იბერიულ-კავკასიური ენათმეცნიერების წელიწდეული = Ежегодник иберийско-кавказского языкознания = Anual of ibero-caucasian linguistics :
_bტ. VII /
_cსარედ. კოლ. ვ. აბაევი., შ. არისთავა., და სხვ. რედ. ა. ჩიქობავა; საქართველოს სსრ მეცნიერებათა აკადემია.
264 _aთბილისი :
_bმეცნიერება,
_c1980.
300 _a388 გვ.;
_b26 სმ.
653 _aკავკასიური ენები
653 _aწელიწდეულები.
942 _cBK
_2udc